MARC

LEADER 00000nam0a2200000 4500
001 234872
005 20231101231345.0
035 |a (RuTPU)RU\TPU\book\256001 
090 |a 234872 
100 |a 20130401d1959 m y0rusy50 ca 
101 0 |a rus 
102 |a RU 
105 |a a z 001zy 
200 1 |a Грезы о земле и небе. На Весте  |e научно-фантастические произведения  |f К. Э. Циолковский  |g авт. послесл. Б. Н. Воробьев ; под ред. Б. Н. Воробьев 
210 |a Москва  |c Изд-во АН СССР  |d 1959 
215 |a 96 с.  |c ил. 
320 |a Пояснительная статья : с. 92-95 
600 1 |a Циолковский  |g Константин Эдуардович  |b К. Э.  |c русский ученый  |c изобретатель  |c основоположник современной космонавтики  |f 1857-1935  |2 stltpush  |3 (RuTPU)RU\TPU\pers\1304 
606 1 |a Русская литература современная  |2 stltpush  |3 (RuTPU)RU\TPU\subj\26373  |9 50316 
610 1 |a научная фантастика 
610 1 |a повести 
610 1 |a Вселенная 
610 1 |a астероиды 
610 1 |a Земля 
610 1 |a небесные тела 
610 1 |a планеты 
610 1 |a художественная литература 
675 |a Р2  |v 3 
700 1 |a Циолковский  |b К. Э.  |c русский ученый  |c изобретатель  |c основоположник современной космонавтики  |f 1857-1935  |g Константин Эдуардович  |2 stltpush  |3 (RuTPU)RU\TPU\pers\1304  |4 070 
702 1 |a Воробьев  |b Б. Н.  |4 075 
702 1 |a Воробьев  |b Б. Н.  |4 340 
801 1 |a RU  |b 63413507  |c 20130401 
801 2 |a RU  |b 63413507  |c 20220112  |g RCR 
942 |c BK